| 000 | 00000cas 2200000zi 4500 |
| 001 | 9.963143 |
| 003 | CaOODSP |
| 005 | 20260528132838 |
| 006 | m o d f |
| 007 | cr cn |||||||| |
| 008 | 260528d20052006nscfr p o f0### 0fre|d |
| 022 | |y1712-9230 |
| 040 | |aCaOODSP|bfre|erda|cCaOODSP |
| 043 | |an-cnm--|an-cn-nf |
| 086 | 1 |aIu2-9F-PDF |
| 245 | 00|aConnexion atlantique : |ble bulletin atlantique d'Industrie Canada. |
| 264 | 1|aHalifax (N.É.) : |bIndustrie Canada = Industry Canada, |c[2005-2006?] |
| 310 | |aSemiannuel |
| 336 | |atexte|btxt|2rdacontent/fre |
| 337 | |ainformatique|bc|2rdamedia/fre |
| 338 | |aressource en ligne|bcr|2rdacarrier/fre |
| 362 | 1 |aParaît depuis : Printemps 2005; ne paraît plus après automne 2006? |
| 500 | |aPublié aussi en anglais sous le titre : Atlantic connection. |
| 500 | |aÉdition numérisée de l'imprimé [par Innovation, sciences et développement économique Canada]. |
| 588 | |aDescription d'après : Printemps 2005; titre de départ du fichier PDF. |
| 588 | |aDernière livraison consultée : Printemps 2006. |
| 610 | 16|aCanada. |bIndustrie Canada|vPériodiques. |
| 651 | 6|aProvinces de l'Atlantique|xConditions économiques|vPériodiques. |
| 655 | 7|aPériodiques|2rvmgf |
| 710 | 1 |aCanada. |bIndustrie Canada, |eorganisme de publication. |
| 775 | 08|tAtlantic connection : |w(CaOODSP)9.963144 |